Emperors of the Roman Empire by Picture - Statistics

General Stats
  • This quiz has been taken 166 times
    164 since last reset
  • The average score is 35 of 81
Answer Stats
Picture Hint Answer % Correct
Julio-Claudian Dynasty Augustus
94%
Julio-Claudian Dynasty Nero
91%
Julio-Claudian Dynasty Claudius I
87%
Crisis of the Third Century Claudius II
87%
Julio-Claudian Dynasty Tiberius
87%
Julio-Claudian Dynasty Caligula
86%
Nerva-Antonine Dynasty Hadrian
84%
Nerva-Antonine Dynasty Marcus Aurelius
84%
Nerva-Antonine Dynasty Trajan
81%
Nerva-Antonine Dynasty Nerva
77%
Nerva-Antonine Dynasty Commodus
76%
Year of the Four Emperors > Flavian Dynasty Vespasian
75%
Constantinian Dynasty Constantine I
69%
Constantinian Dynasty Constantine II
69%
Flavian Dynasty Titus
69%
Nerva-Antonine Dynasty Antoninus Pius
67%
Year of the Five Emperors > Severan Dynasty Septimius Severus
66%
Flavian Dynasty Domitian
65%
Year of the Four Emperors Galba
62%
Severan Dynasty Caracalla
61%
Year of the Four Emperors Otho
60%
Nerva-Antonine Dynasty Lucius Verus
57%
Tetrachy Diocletian
54%
Severan Dynasty Geta
54%
Year of the Four Emperors Vitellius
53%
Severan Dynasty Elagabalus
52%
Final Roman Emperors Libius Severus
52%
Theodosian Dynasty Theodosius I
51%
Theodosian Dynasty Theodosius II
51%
Tetrarchy Severus II
50%
Severan Dynasty Severus Alexander
49%
Year of the Five Emperors Pertinax
47%
Crisis of the Third Century Aurelian
42%
Crisis of the Third Century/Year of the Six Emperors/Gordian Dynasty Gordian I
42%
Crisis of the Third Century/Year of the Six Emperors/Gordian Dynasty Gordian II
42%
Crisis of the Third Century/Year of the Six Emperors/Gordian Dynasty Gordian III
42%
Crisis of the Third Century Phillip
41%
Valentinian Dynasty Valentinian I
41%
Valentinian Dynasty Valentinian II
41%
Theodosian Dynasty Valentinian III
41%
Tetrarchy/Constaninian Dynasty Constantius I
40%
Constantinian Dynasty Constantius II
40%
non-dynastic Macrinus
39%
Year of the Five Emperors Didius Julianus
38%
Constantinian Dynasty Julian
36%
Tetrachy Maximian
36%
Crisis of the Third Century/Year of the Six Emperors Maximinus Thrax
35%
Final Roman Emperors Romulus Augustulus
35%
Crisis of the Third Century/Year of the Six Emperors Balbinus
31%
Constantinian Dynasty Constans
31%
Crisis of the Third Century Probus
31%
Valentinian Dynasty Valens
31%
Tetrarchy Valerius Valens
30%
Tetrarchy Galerius
29%
Theodosian Dynasty Honorius
29%
Crisis of the Third Century/Year of the Six Emperors Pupienus
29%
Crisis of the Third Century Decius
28%
Crisis of the Third Century/Caran Dynasty Numerian
28%
Crisis of the Third Century Valerian
28%
Crisis of the Third Century/Caran Dynasty Carus
26%
Theodosian Dynasty Arcadius
25%
Crisis of the Third Century/Caran Dynasty Carinus
25%
Crisis of the Third Century Gallienus
25%
Final Roman Emperors Julius Nepos
25%
Tetrarchy Licinius
24%
Crisis of the Third Century Trebonianus Gallus
24%
non-dynastic Jovian
22%
Final Roman Emperors Majorian
22%
Final Roman Emperors Petronius Maximus
22%
Crisis of the Third Century Quintillus
20%
Valentinian Dynasty Gratian
19%
Crisis of the Third Century Aemilian
18%
Crisis of the Third Century Florianus
18%
Final Roman Emperors Glycerius
17%
Final Roman Emperors Olybrius
17%
Final Roman Emperors Avitus
15%
Final Roman Emperors Anthemius
14%
Theodosian Dynasty Marcian
9%
Tetrarchy Martinian
8%
Tetrarchy Maximinus Daza
8%
Crisis of the Third Century Tactitus
2%
No matching quizzes found
Score Distribution
Percent of People with Each Score
Percentile by Number Answered
Your Score History
You have not taken this quiz since the last reset